LDR 00886naa#a2200181#i#450# 001 RU\\bibl\19471 005 20260516115312.6 100 ## _a20260515b2026####ek#y0rusy0150####ca 102 ## _aRU 200 1# _aАНАЛИЗ ФЛОРЫ ИССЛЕДУЕМОГО УЧАСТКА В НАУРСКОМ РАЙОНЕ (ДЕГРАДИРОВАННЫЕ ЗЕМЛИ) ЧЕЧЕНСКОЙ РЕСПУБЛИКИ _eСтатья/тезисы конференции 210 1# _aВоронеж _cВоронежский государственный лесотехнический университет имени Г.Ф. Морозова _d2026 215 ## _a17 с. 608 ## _aСтатья/тезисы конференции _2local 675 ## _aОбщая ботаника. 581 _z 700 #1 _aИрисханова _gЗ. И. 700 #1 _aАлдамов _gР. Р. 700 #1 _aМахамаева _gЗ. З. 856 4# _abibl.vgltu.ru _u